Paintings to Artist Match Quiz #2 - Statistics

General Stats
  • This quiz has been taken 262 times
  • The average score is 13 of 20
Answer Stats
Hint Answer % Correct
Banksy
95%
Hokusai
94%
Andy Warhol
90%
Frida Kahlo
84%
Gustav Klimt
83%
Jackson Pollock
81%
J. M. W. Turner
76%
René Magritte
72%
Diego Velázquez
66%
Paul Gauguin
66%
Vassily Kandinsky
66%
Edgar Degas
65%
Keith Haring
60%
Roy Lichtenstein
60%
El Greco
55%
Paul Cézanne
53%
Piet Mondrian
53%
Henri De Toulouse-Lautrec
45%
Henri Matisse
43%
Georges Braque
37%
No matching quizzes found
Score Distribution
Percent of People with Each Score
Percentile by Number Answered
Your Score History
You have not taken this quiz